Ariana Grande "Santa tell me" lyrics - Statistics

General Stats
  • This quiz has been taken 372 times
  • The average score is 362 of 425
Answer Stats
Hint Answer % Correct
I
100%
me
100%
me)
100%
Chorus Santa
100%
(Santa
100%
tell
100%
(Tell
100%
a
98%
be
98%
Be
98%
he
98%
if
98%
If
98%
(if
98%
really
98%
the
98%
year
98%
you
98%
here
97%
here)
97%
love
97%
care)
96%
care?)
96%
(Do
96%
next
96%
there
96%
won't
96%
Don't
95%
don't
95%
in
95%
make
95%
fall
94%
again
93%
it
92%
It
92%
cares
91%
you're
91%
all
90%
'Cause
88%
('Cause
88%
Christmas
87%
can't
86%
to
84%
And
77%
and
77%
give
77%
away
76%
I'm
76%
around
75%
when
74%
So
72%
alone
71%
this
70%
This
70%
by
69%
Verse 1 Feeling
69%
it's
69%
But
68%
not
68%
of
68%
Bridge Oh
68%
oh
68%
on
68%
On
68%
that
68%
cool
67%
play
67%
Pre-Chorus True
67%
get
65%
him
65%
is
65%
my
65%
Verse 2 I've
63%
thinks
63%
trying
63%
fire
61%
mood
60%
see
60%
boy
59%
boy)
59%
"Let
59%
room
59%
Snow"
59%
got
58%
side
58%
baby
57%
baby)
57%
hard
57%
night
57%
want
57%
been
55%
mistletoe
55%
heart
54%
know
54%
Fell
53%
before
52%
broken
52%
down
52%
lik
52%
smart
52%
up
52%
wasn't
51%
need
50%
Now
50%
road
50%
every
49%
fireplace
49%
focus
49%
just
49%
walking
49%
wanna
49%
New
48%
new
48%
or
48%
until
48%
woke
48%
cold
47%
'cross
47%
25th
46%
avoiding
45%
Day
45%
have
45%
hold
45%
someone
45%
beside
42%
out
42%
Year's
42%
blasting
41%
will
39%
fling
38%
woah
14%
woo
11%
No matching quizzes found
Score Distribution
Percent of People with Each Score
Percentile by Number Answered
Your Score History
You have not taken this quiz